Performance measurement of design activities : a summary report and key perfomance indicators (Record no. 101832)
[ view plain ]
| 000 -LEADER | |
|---|---|
| fixed length control field | 00934cam a2200265 4500 |
| 008 - FIXED-LENGTH DATA ELEMENTS--GENERAL INFORMATION | |
| fixed length control field | 020111n2001 000 0 eng u |
| 020 ## - INTERNATIONAL STANDARD BOOK NUMBER | |
| International Standard Book Number | 0860178854 |
| 035 ## - SYSTEM CONTROL NUMBER | |
| System control number | (Sirsi) u116247 |
| 041 ## - LANGUAGE CODE | |
| Language code of text/sound track or separate title | 658.562 |
| 100 ## - MAIN ENTRY--PERSONAL NAME | |
| Personal name | Dent, R. |
| 245 ## - TITLE STATEMENT | |
| Title | Performance measurement of design activities : a summary report and key perfomance indicators |
| 260 ## - PUBLICATION, DISTRIBUTION, ETC. | |
| Place of publication, distribution, etc. | London |
| Name of publisher, distributor, etc. | CIRIA |
| Date of publication, distribution, etc. | 2001 |
| 300 ## - PHYSICAL DESCRIPTION | |
| Extent | 25p. |
| Other physical details | ill. |
| Dimensions | 30cm. |
| 350 ## - PRICE (NR) (BK AM CF MU VM SE) [OBSOLETE] | |
| Price | 195 |
| 490 ## - SERIES STATEMENT | |
| Series statement | Project Report |
| Volume/sequential designation | 85 |
| 520 ## - SUMMARY, ETC. | |
| Summary, etc. | Report describing research by CIRIA investigating the performance measurement of design activities carried out by UK construction organisations. Includes the CIRIA design KPI project assessment tool. |
| 650 ## - SUBJECT ADDED ENTRY--TOPICAL TERM | |
| Topical term or geographic name entry element | BENCHMARKING |
| 650 ## - SUBJECT ADDED ENTRY--TOPICAL TERM | |
| Topical term or geographic name entry element | CONSTRUCTION PROJECTS |
| 650 ## - SUBJECT ADDED ENTRY--TOPICAL TERM | |
| Topical term or geographic name entry element | DESIGN |
| 650 ## - SUBJECT ADDED ENTRY--TOPICAL TERM | |
| Topical term or geographic name entry element | KEY PERFORMANCE INDICATORS |
| 650 ## - SUBJECT ADDED ENTRY--TOPICAL TERM | |
| Topical term or geographic name entry element | PERFORMANCE MEASUREMENT |
| 690 ## - LOCAL SUBJECT ADDED ENTRY--TOPICAL TERM (OCLC, RLIN) | |
| Topical term or geographic name as entry element | Project management |
| 9 (RLIN) | 6261 |
| 700 ## - ADDED ENTRY--PERSONAL NAME | |
| Personal name | Alwani-Starr, G. |
| 942 ## - ADDED ENTRY ELEMENTS (KOHA) | |
| Suppress in OPAC | 0 |
| Withdrawn status | Lost status | Source of classification or shelving scheme | Damaged status | Not for loan | Home library | Current library | Shelving location | Date acquired | Cost, normal purchase price | Total Checkouts | Full call number | Barcode | Date last seen | Date last checked out | Copy number | Cost, replacement price | Price effective from | Koha item type |
|---|---|---|---|---|---|---|---|---|---|---|---|---|---|---|---|---|---|---|
| Dewey Decimal Classification | London | London | Folio | 04/09/2002 | 165.75 | 7 | F658.562 DEN | 30066452 | 06/08/2019 | 10/01/2007 | 1 | 165.75 | 06/08/2019 | Book |